[Event "South Wales op 16th"]
[Site "Cardiff"]
[Date "2019.07.12"]
[Round "9"]
[White "Jukes, Sam"]
[Black "Borkowski, J Andrew"]
[Result "1/2-1/2"]
[WhiteElo "1895"]
[BlackElo "1769"]
[PlyCount "140"]
[EventDate "2019.07.07"]
[EventType "swiss"]
[EventRounds "9"]
[EventCountry "WLS"]
[SourceTitle "CBM 191 Extra"]
[Source "ChessBase"]
[SourceDate "2019.09.30"]
[SourceVersion "1"]
[SourceVersionDate "2019.09.30"]
[SourceQuality "1"]

1. e4 d6 2. d4 e5 3. dxe5 dxe5 4. Qxd8+ Kxd8 5. Bc4 f6 6. Ne2 Bc5 7. 0-0 Nd7 8. Rd1 c6 9. Nd2 Kc7 10. a3 a5 11. Nb3 Bb6 12. a4 Ne7 13. Rd3 Nc5 14. Nxc5 Bxc5 15. Be3 Bxe3 16. Rxe3 Rd8 17. Rd3 Rxd3 18. cxd3 b6 19. d4 Ba6 20. Bxa6 Rxa6 21. dxe5 fxe5 22. f3 b5 23. axb5 cxb5 24. Kf2 a4 25. Ke3 b4 26. g3 Nc6 27. Kd3 g5 28. Kc4 Ra5 29. f4 gxf4 30. gxf4 exf4 31. Nxf4 Kb6 32. Nd5+ Kb7 33. Nxb4 Ne5+ 34. Kd4 Nf3+ 35. Ke3 Ne5 36. Nd3 Ng4+ 37. Kf3 h5 38. Rxa4 Nxh2+ 39. Kg2 Rxa4 40. Nc5+ Kc6 41. Nxa4 Ng4 42. Kf3 Kd6 43. Kf4 Ke6 44. Nc5+ Kd6 45. Nd3 Ke6 46. Nc1 Nf6 47. Ne2 h4 48. Nd4+ Kd7 49. Nf3 h3 50. e5 Nd5+ 51. Kg3 Ke6 52. Kxh3 Nf4+ 53. Kg3 Nd3 54. b3 Nxe5 55. Kf2 Nxf3 56. Kxf3 Kd5 57. Ke3 Kc5 58. Kd2 Kb4 59. Kc2 Kb5 60. Kc3 Kc5 61. b4+ Kb5 62. Kb3 Kb6 63. Ka4 Ka6 64. b5+ Kb6 65. Kb4 Kb7 66. Kc5 Kc7 67. b6+ Kb7 68. Kb5 Kb8 69. Kc6 Kc8 70. b7+ Kb8 1/2-1/2